Indian Languages by State - Statistics

General Stats
  • This quiz has been taken 143 times
  • The average score is 14 of 28
Answer Stats
State Language % Correct
Punjab Punjabi
82%
Andhra Pradesh Telugu
82%
Gujarat Gujarati
81%
Tamil Nadu Tamil
81%
West Bengal Bengali
78%
Uttar Pradesh Hindi
72%
Kerala Malayalam
72%
Karnataka Kannada
70%
Assam Assamese
68%
Madhya Pradesh Hindi
68%
Maharashtra Marathi
68%
Telangana Telugu
68%
Uttarakhand Hindi
67%
Haryana Hindi
64%
Himachal Pradesh Hindi
62%
Odisha Odia
52%
Rajasthan Rajasthani
45%
Bihar Bhojpuri
37%
Goa Konkani
37%
Chhattisgarh Chhattisgarhi
29%
Mizoram Mizo
28%
Tripura Bengali
21%
Sikkim Nepali
19%
Manipur Meitei
14%
Meghalaya Khasi
9%
Jharkhand Khortha
3%
Arunachal Pradesh Nyishi
3%
Nagaland Konyak
1%
No matching quizzes found
Score Distribution
Percent of People with Each Score
Percentile by Number Answered
Your Score History
You have not taken this quiz